| 000 | 00751nam a22002295i 4500 | ||
|---|---|---|---|
| 001 | 158381 | ||
| 003 | ES-MaACL | ||
| 005 | 20230906211122.0 | ||
| 008 | 040830s1888 sp |||| | spa d | ||
| 040 |
_aCAM _bspa _cCAM |
||
| 100 | 1 |
_aMacé, Gustave. _9129306 |
|
| 245 | 1 | 0 |
_aMi primer crimen / _cpor G. Macé. |
| 250 | _a1ª versión española. | ||
| 260 |
_aMadrid : _bJ.F. Romero editor, _c1888 ( _fEstablecimiento tipográfico de I.M.) |
||
| 300 |
_a442 p. ; _c19 cm. |
||
| 490 | 1 | _aBiblioteca internacional | |
| 490 | 1 | _aLa policía parisiense | |
| 830 | 0 |
_aBiblioteca internacional _9182937 |
|
| 830 | 0 |
_aLa policía parisiense _9221849 |
|
| 852 |
_aES-MaACL _jD-2038 _z-- Sin enc. _z-- Legado M. de la Fuente |
||
| 999 |
_c158381 _d158381 |
||